000 00318nam a22001337a 4500
008 170222b xxu||||| |||| 00| 0 eng d
020 _a9780323014779
041 _aeng
080 _25 ED
_a616 31
100 _a5
101 _aSHS
245 _aTEMPOROMANDIBULAR DISORDERS AND OCCLUSION
_cOKESON.J.P
942 _2udc
_cBK
999 _c6092
_d6092